LEADER 00950nam0-22003251--450- 001 990009331890403321 005 20120116155245.0 035 $a000933189 035 $aFED01000933189 035 $a(Aleph)000933189FED01 035 $a000933189 100 $a20110318d1965----km-y0itay50------ba 101 0 $aita 102 $aIT 105 $ay-------001yy 200 1 $aAnnali franco-tedeschi$fArnold Ruge e Karl Marx$ga cura di Gian Mario Bravo$gscritti di Ruge ... [et al.] 210 $aMilano$cEdizioni del gallo$d1965 215 $a344 p.$d23 cm 225 1 $aCollana di saggi e documentazioni$v15 676 $a073$v19$zita 702 1$aMarx,$bKarl$f<1818-1883> 702 1$aBravo,$bGian Mario 702 1$aRuge,$bArnold 801 0$aIT$bUNINA$gRICA$2UNIMARC 901 $aBK 912 $a990009331890403321 952 $aXI B 166$b86065$fFGBC 959 $aFGBC 996 $aDeutsch-Franzosische Jahrbucher$957725 997 $aUNINA LEADER 03776nam 22006614a 450 001 9910451747303321 005 20210524210848.0 010 $a1-282-19380-5 010 $a9786612193804 010 $a3-11-019727-8 024 7 $a10.1515/9783110197273 035 $a(CKB)1000000000520526 035 $a(EBL)325680 035 $a(OCoLC)191935720 035 $a(SSID)ssj0000164954 035 $a(PQKBManifestationID)11153341 035 $a(PQKBTitleCode)TC0000164954 035 $a(PQKBWorkID)10124760 035 $a(PQKB)10722379 035 $a(MiAaPQ)EBC325680 035 $a(DE-B1597)32198 035 $a(OCoLC)741344362 035 $a(OCoLC)853248310 035 $a(DE-B1597)9783110197273 035 $a(PPN)175226687 035 $a(Au-PeEL)EBL325680 035 $a(CaPaEBR)ebr10194848 035 $a(CaONFJC)MIL219380 035 $a(EXLCZ)991000000000520526 100 $a20031030d2003 uy 0 101 0 $aeng 135 $aurun#---|u||u 181 $ctxt 182 $cc 183 $acr 200 12$aA grammar of Qiang$b[electronic resource] $ewith annotated texts and glossary /$fby Randy J. LaPolla with Chenglong Huang 210 $aBerlin ;$aNew York $cMouton de Gruyter$dc2003 215 $a1 online resource (464 p.) 225 1 $aMouton grammar library ;$v31 300 $aDescription based upon print version of record. 311 0 $a3-11-017829-X 320 $aIncludes bibliographical references (p. [433]-442) and index. 327 $tFront matter --$tTable of Contents --$tChapter 1. Introduction --$tChapter 2. The phonological system --$tChapter 3. The noun phrase --$tChapter 4. The verb complex --$tChapter 5. The clause and complex structures --$tTexts --$tEnglish-Qiang glossary arranged by semantic field --$tBack matter 330 $aThis book is a full reference grammar of Qiang, one of the minority languages of southwest China, spoken by about 70,000 Qiang and Tibetan people in Aba Tibetan and Qiang Autonomous Prefecture in northern Sichuan Province. It belongs to the Qiangic branch of Tibeto-Burman (one of the two major branches of Sino-Tibetan). The dialect presented in the book is the Northern Qiang variety spoken in Ronghong Village, Yadu Township, Chibusu District, Mao County. This book, the first book-length description of the Qiang language in English, is the result of many years of work on the language, and is as typologically comprehensive as possible. It includes not only the reference grammar, but also an ethnological overview, several fully analyzed texts (mostly traditional stories), and an annotated glossary. The language is verb final, agglutinative (prefixing and suffixing), and has both head-marking and dependent marking morphology. The phonology of Qiang is quite complex, with 39 consonants at seven points of articulation, plus complex consonant clusters, both in initial and final position, as well as vowel harmony, vowel length distinctions, and a set of retroflexed vowels. The grammar also is complex, with a paradigm of eight direction marking verbal prefixes, and two paradigms for person marking, one for actor, one for non-actor, and a variety of other verbal prefixes and suffixes, as well as definite and number marking on nouns. Noun phrases take classifiers and relational pospositions as well. 410 0$aMouton grammar library ;$v31. 606 $aKhyang language$xGrammar 608 $aElectronic books. 615 0$aKhyang language$xGrammar. 676 $a495/.4 700 $aLaPolla$b Randy J$0165462 701 $aHuang$b Chenglong$0688851 801 0$bMiAaPQ 801 1$bMiAaPQ 801 2$bMiAaPQ 906 $aBOOK 912 $a9910451747303321 996 $aA grammar of Qiang$92460396 997 $aUNINA LEADER 03500 am 2200685 n 450 001 9910324038003321 005 20190109 010 $a2-8028-0309-3 024 7 $a10.4000/books.pusl.15273 035 $a(CKB)4100000008283883 035 $a(FrMaCLE)OB-pusl-15273 035 $a(oapen)https://directory.doabooks.org/handle/20.500.12854/51011 035 $a(PPN)241291658 035 $a(EXLCZ)994100000008283883 100 $a20190528j|||||||| ||| 0 101 0 $afre 135 $auu||||||m|||| 181 $ctxt$2rdacontent 182 $cc$2rdamedia 183 $acr$2rdacarrier 200 13$aLa justice sociale en question ? /$fAssociation des dirigeants et cadres chrétiens (Belgique), Facultés universitaires Saint-Louis (Bruxelles) 210 $aBruxelles $cPresses de l?Université Saint-Louis$d2019 215 $a1 online resource (359 p.) 311 $a2-8028-0044-2 330 $a« Justice sociale » est pour tous aujourd?hui le nom d?un malaise et d?une tâche sans fin. Ce problème général, des praticiens l?ont relancé avec insistance durant deux années auprès d?amis engagés dans la recherche et l?enseignement en sciences humaines et morales. Les visées différentes ont fait apparaître d?abord que les solutions proposées et pratiquées au nom d?une doctrine politique ou économique restent de portée fort brève et engendrent ou accroissent souvent un climat de scepticisme, que ne compense pas le courage pourtant réel de l?action. De plus, en posant sérieusement la question de la justice sociale, chacune des disciplines ici concernées se voit obligée de reconnaître son enracinement dans deux évidences : la première, qu?il n?y a pas de limite supérieure à la dépense quand il s?agit d?assurer plus de dignité humaine; la seconde, qu?il faut que cette dépense soit efficace. Le savoir théorique tend par nature à séparer ces deux évidences en les rationalisant. Par contre, ceux que leur tâche quotidienne voue à promouvoir l?efficacité de la dépense perdent facilement de vue l?invitation dynamique que constitue l?infini de l?égale dignité pour tous. Puissent ces textes en leur incontestable naïveté amorcer un échange actif entre praticiens et théoriciens. 606 $aSociology 606 $ajustice sociale 606 $adignité humaine 606 $adépense publique 606 $ainvitation 606 $athéorie 606 $apratique 610 $ajustice sociale 610 $ainvitation 610 $athéorie 610 $adignité humaine 610 $apratique 610 $adépense publique 615 4$aSociology 615 4$ajustice sociale 615 4$adignité humaine 615 4$adépense publique 615 4$ainvitation 615 4$athéorie 615 4$apratique 700 $aAssociation des dirigeants et cadres chrétiens (Belgique)$01305505 701 $aFacultés universitaires Saint-Louis (Bruxelles)$01305506 701 $aDeclève$b Henri$0142223 701 $aDe Bruyne$b Paul$01305507 701 $aHerr$b Édouard$01305508 701 $aLadrière$b Jean$0346653 701 $aRaes$b Jean$01305509 701 $aRezsohazy$b Rudolf$0138562 701 $aVan Assche$b Robert$01305510 701 $aVan de Putte$b Marc$01305511 801 0$bFR-FrMaCLE 906 $aBOOK 912 $a9910324038003321 996 $aLa justice sociale en question$93027901 997 $aUNINA